Onset age, persistence, and offending versatility: comparisons across gender

Gespeichert in:  
Bibliographische Detailangaben
Beteiligte: Mazerolle, Paul (BeteiligteR) ; Brame, Robert W. (BeteiligteR) ; Paternoster, Raymond 1952-2017 (BeteiligteR) ; Piquero, Alex R. 1970- (BeteiligteR) ; Dean, Charles (BeteiligteR)
Medienart: Druck Aufsatz
Sprache:Englisch
Veröffentlicht: 2000
In: Criminology
Jahr: 2000, Band: 38, Heft: 4, Seiten: 1143-1172
Verfügbarkeit prüfen: HBZ Gateway
Schlagwörter:

MARC

LEADER 00000caa a22000002c 4500
001 1640078932
003 DE-627
005 20250321231716.0
007 tu
008 160223s2000 xx ||||| 00| ||eng c
035 |a (DE-627)1640078932 
035 |a (DE-576)456047387 
035 |a (DE-599)BSZ456047387 
040 |a DE-627  |b ger  |c DE-627  |e rakwb 
041 |a eng 
245 0 0 |a Onset age, persistence, and offending versatility: comparisons across gender  |c Paul Mazerolle, Robert Brame, Ray Paternoster, Alex Piquero, Charles Dean 
264 1 |c 2000 
336 |a Text  |b txt  |2 rdacontent 
337 |a ohne Hilfsmittel zu benutzen  |b n  |2 rdamedia 
338 |a Band  |b nc  |2 rdacarrier 
700 1 |a Mazerolle, Paul  |0 (DE-588)1214200788  |0 (DE-627)1725162660  |4 oth 
700 1 |8 1\p  |a Brame, Robert W.  |0 (DE-588)1205899294  |0 (DE-627)1691748072  |4 oth 
700 1 |a Paternoster, Raymond  |d 1952-2017  |0 (DE-588)1064353932  |0 (DE-627)813161185  |0 (DE-576)162493177  |4 oth 
700 1 |a Piquero, Alex R.  |d 1970-  |0 (DE-588)1038873037  |0 (DE-627)766624382  |0 (DE-576)176864784  |4 oth 
700 1 |a Dean, Charles  |4 oth 
773 0 8 |i In  |t Criminology  |d Hoboken, NJ : Wiley, 1970  |g 38(2000), 4, Seite 1143-1172  |w (DE-627)129888508  |w (DE-600)301688-2  |w (DE-576)015191346  |x 0011-1384  |7 nnas 
773 1 8 |g volume:38  |g year:2000  |g number:4  |g pages:1143-1172 
776 1 |o 10.1111/j.1745-9125.2000.tb01417.x 
883 |8 1\p  |a cgwrk  |d 20250301  |q DE-101  |u https://d-nb.info/provenance/plan#cgwrk 
935 |a mkri 
951 |a AR 
ELC |b 1 
LOK |0 000 xxxxxcx a22 zn 4500 
LOK |0 001 3301374115 
LOK |0 003 DE-627 
LOK |0 004 1640078932 
LOK |0 005 20250623145401 
LOK |0 008 160208||||||||||||||||ger||||||| 
LOK |0 040   |a DE-21-110  |c DE-627  |d DE-21-110 
LOK |0 689   |a s  |a Kriminelle Karriere 
LOK |0 689   |a s  |a Geschlechtsbezogene Spezifität 
LOK |0 852   |a DE-21-110 
LOK |0 852 1  |m p  |9 00 
LOK |0 935   |a k110 
LOK |0 938   |k p 
LOK |0 939   |a 08-02-16  |b l01 
ORI |a SA-MARC-krimdoka001.raw